[Event "Faxe EMT 2010"]
[Site "Faxe"]
[Date "2010.03.17"]
[Round "1"]
[White "Christoffersen, Per"]
[Black "Jensen, Leif"]
[Result "0-1"]
[WhiteElo "1477"]
[BlackElo "2007"]
[PlyCount "48"]
[EventDate "2010.??.??"]

1. d4 d5 2. Nf3 c6 3. e3 Bf5 4. Bd3 Bg6 5. O-O e6 6. Re1 Nf6 7. Nc3 Nbd7 8. e4
dxe4 9. Nxe4 Nxe4 10. Bxe4 Nf6 11. Bg5 Be7 12. Bxf6 Bxf6 13. c3 Qc7 14. Qc2 O-O
15. Ne5 Bxe5 16. dxe5 Rfd8 17. Bxg6 hxg6 18. Qe2 Rd5 19. Rad1 Rad8 20. Rxd5
Rxd5 21. c4 Rd4 22. Rd1 Qxe5 23. Qc2 Qe4 24. Qb3 Qe2 0-1

[Event "Faxe EMT 2010"]
[Site "Faxe"]
[Date "2010.03.17"]
[Round "1"]
[White "Christensen, Lars (1957)"]
[Black "Larsen, Paul M"]
[Result "1-0"]
[WhiteElo "1992"]
[BlackElo "1472"]
[PlyCount "33"]
[EventDate "2010.??.??"]

1. e4 c6 2. d4 d5 3. e5 c5 4. c3 Nc6 5. Nf3 e6 6. Bd3 cxd4 7. cxd4 Bb4+ 8. Kf1
Nge7 9. a3 Ba5 10. Nc3 Bxc3 11. bxc3 a6 12. a4 O-O 13. Ng5 g6 14. Nxh7 Kxh7 15.
Bg5 Qe8 16. Qh5+ Kg8 17. Qh6 1-0

[Event "Faxe EMT 2010"]
[Site "Faxe"]
[Date "2010.03.17"]
[Round "1"]
[White "Nielsen, Harald"]
[Black "Hansen, Jens Hjort"]
[Result "0-1"]
[WhiteElo "1460"]
[BlackElo "1975"]
[PlyCount "66"]
[EventDate "2010.??.??"]

1. e4 c5 2. b3 d6 3. Bb2 Nf6 4. Nc3 e6 5. Bb5+ Bd7 6. Bxd7+ Nbxd7 7. Nf3 Be7 8.
d4 cxd4 9. Nxd4 a6 10. O-O O-O 11. Nce2 Nxe4 12. Ng3 Ndf6 13. Nxe4 Nxe4 14. Qe2
Nf6 15. Kh1 Rc8 16. c4 d5 17. Rad1 Re8 18. Rfe1 Bb4 19. Rf1 Bd6 20. cxd5 Nxd5
21. Nf3 Qa5 22. Be5 Bxe5 23. Nxe5 Rc7 24. Nc4 Qc5 25. Qf3 b5 26. Ne5 Qc3 27.
Nd3 Qf6 28. Qg3 Rec8 29. Rc1 Rxc1 30. Rxc1 Rxc1+ 31. Nxc1 h6 32. Qb8+ Kh7 33.
Qc8 Qxf2 0-1

[Event "Faxe EMT 2010"]
[Site "Faxe"]
[Date "2010.03.17"]
[Round "1"]
[White "Arendal, Gustav"]
[Black "Christoffersen, Ib"]
[Result "1-0"]
[WhiteElo "1890"]
[BlackElo "1460"]
[PlyCount "89"]
[EventDate "2010.??.??"]

1. e4 e5 2. Nf3 d6 3. Bc4 h6 4. d4 Bg4 5. dxe5 Bxf3 6. Qxf3 Qd7 7. exd6 cxd6 8.
O-O Qc7 9. Bb5+ Nc6 10. Nc3 Nf6 11. Nd5 Qd8 12. Re1 Be7 13. Nxe7 Qxe7 14. e5
O-O 15. Bxc6 bxc6 16. Bxh6 dxe5 17. Qg3 Ne8 18. Rxe5 Qf6 19. Bg5 Qg6 20. Be7
Qxg3 21. hxg3 f6 22. Re6 Rf7 23. Rae1 Nc7 24. Rxc6 Nd5 25. Ba3 g6 26. c4 Nb6
27. c5 Nc4 28. Ra6 Rc8 29. b4 Ne5 30. f4 Nc6 31. Re6 Nb8 32. Rad6 Rcf8 33. Bb2
Nd7 34. c6 Nb6 35. Rxf6 Rxf6 36. Rxf6 Re8 37. Rxg6+ Kf7 38. Rg7+ Ke6 39. Rxa7
Kd6 40. b5 Nc4 41. Bd4 Kd5 42. Rd7+ Ke4 43. b6 Na5 44. c7 Nc6 45. b7 1-0

[Event "Faxe EMT 2010"]
[Site "Faxe"]
[Date "2010.03.17"]
[Round "1"]
[White "Hansen, Knud"]
[Black "Andersen, Bjarne Hjorth"]
[Result "1/2-1/2"]
[WhiteElo "1446"]
[BlackElo "1860"]
[PlyCount "78"]
[EventDate "2010.??.??"]

1. e4 c6 2. d3 d5 3. exd5 cxd5 4. Nf3 Bg4 5. Be2 e6 6. Ne5 Bxe2 7. Qxe2 Bd6 8.
O-O Qc7 9. Nf3 Nf6 10. h3 O-O 11. c3 Nc6 12. d4 Rac8 13. Be3 Qb6 14. Ne1 Ne4
15. Nd3 Qc7 16. Nd2 f5 17. Nf3 Qf7 18. Bf4 Bxf4 19. Nxf4 g5 20. Nd3 f4 21. Rfe1
Qf5 22. Nfe5 Rf6 23. Qg4 Nxe5 24. Nxe5 Rc7 25. Qxf5 Rxf5 26. f3 Nf6 27. Nd3 Re7
28. Re2 Nd7 29. Rae1 Kf7 30. Ne5+ Nxe5 31. Rxe5 Rxe5 32. Rxe5 Kf6 33. Kf2 Rc7
34. Ke2 b5 35. a3 Rc4 36. Kd3 Ra4 37. Re2 a5 38. Kc2 Rc4 39. b3 Rc6 1/2-1/2

[Event "Faxe EMT 2010"]
[Site "Faxe"]
[Date "2010.03.17"]
[Round "1"]
[White "Lindskov, Villy"]
[Black "Brinkhard, Anders"]
[Result "1-0"]
[WhiteElo "1767"]
[BlackElo "1439"]
[PlyCount "95"]
[EventDate "2010.??.??"]

1. e4 e6 2. d4 d5 3. Nd2 c6 4. e5 a6 5. c3 c5 6. f4 cxd4 7. cxd4 Qb6 8. Ngf3
Bd7 9. Bd3 Nc6 10. Nb3 Bb4+ 11. Bd2 Bxd2+ 12. Qxd2 Qb4 13. Nc5 Qxd2+ 14. Kxd2
Rb8 15. Rac1 Nge7 16. g4 g6 17. Ke3 Bc8 18. a3 b5 19. b3 Rb6 20. h3 Nb8 21. Nh4
Nd7 22. f5 Nxc5 23. dxc5 Rc6 24. f6 Ng8 25. Nf3 Bb7 26. Nd4 Rc8 27. g5 Bc6 28.
b4 h6 29. h4 Kd7 30. a4 bxa4 31. Bxa6 Rb8 32. b5 Ba8 33. Ra1 hxg5 34. hxg5 Rh5
35. Rxh5 gxh5 36. Rxa4 Nxf6 37. gxf6 Rh8 38. Nf3 Rg8 39. Rh4 Rg3 40. Kf4 Rg8
41. Rxh5 Rf8 42. Rh2 d4 43. Nxd4 Bd5 44. Rb2 Rh8 45. c6+ Kd8 46. b6 Rh4+ 47.
Kg3 Rxd4 48. b7 1-0

[Event "Faxe EMT 2010"]
[Site "Faxe"]
[Date "2010.03.17"]
[Round "1"]
[White "Andersen, Hans E"]
[Black "Eriksen, Keld"]
[Result "1-0"]
[WhiteElo "1433"]
[BlackElo "1633"]
[PlyCount "89"]
[EventDate "2010.??.??"]

1. e4 c5 2. Nc3 Nc6 3. Bc4 e6 4. d3 Nf6 5. Nf3 d6 6. Bf4 g6 7. O-O Bg7 8. Nb5
e5 9. Bg5 a6 10. Nc3 O-O 11. Nd5 Bg4 12. h3 Bd7 13. c3 h6 14. Nxf6+ Bxf6 15.
Bxh6 Bg7 16. Bg5 Qe8 17. Nh4 Kh7 18. Qf3 f6 19. Be3 b5 20. Bd5 Rb8 21. Qg3 Ne7
22. Bb3 c4 23. dxc4 bxc4 24. Bxc4 Rxb2 25. Bxa6 Be6 26. a4 Qc6 27. Bb5 Qxe4 28.
Rfd1 g5 29. Bd3 Qxd3 30. Rxd3 gxh4 31. Qxh4+ Kg8 32. Rxd6 Nf5 33. Qg4 Nxd6 34.
Qxe6+ Nf7 35. a5 Rbb8 36. a6 Kh8 37. a7 Ra8 38. Rb1 Ng5 39. Qd5 Rad8 40. Qb7
Ne6 41. Ra1 Ra8 42. Qd7 Nd8 43. Rb1 Rf7 44. Qxf7 Nxf7 45. Rb8+ 1-0

[Event "Faxe EMT 2010"]
[Site "Faxe"]
[Date "2010.03.17"]
[Round "1"]
[White "Hansen, Aage"]
[Black "Hansen, Arne Mandrup"]
[Result "1-0"]
[WhiteElo "1607"]
[BlackElo "1425"]
[PlyCount "59"]
[EventDate "2010.??.??"]

1. e4 d5 2. exd5 Nf6 3. Bc4 Nxd5 4. Nc3 Nxc3 5. bxc3 Nd7 6. Qh5 g6 7. Qf3 Nf6
8. h3 c6 9. Ne2 Bg7 10. O-O O-O 11. Rb1 Qc7 12. a4 Bd7 13. Ba3 Rfe8 14. g4 e6
15. Ng3 Nd5 16. Ne4 Bf8 17. Bxf8 Rxf8 18. g5 f5 19. Nc5 b6 20. Nb3 b5 21. axb5
cxb5 22. Bxd5 exd5 23. Qxd5+ Kg7 24. Nd4 Rad8 25. Rfe1 Qf4 26. Re7+ Kh8 27.
Rxd7 Qxg5+ 28. Kf1 Qh4 29. Qe5+ Kg8 30. Qg7# 1-0

[Event "Faxe EMT 2010"]
[Site "Faxe"]
[Date "2010.03.17"]
[Round "1"]
[White "Joost, Kjeld"]
[Black "Sorensen, Lindved"]
[Result "0-1"]
[WhiteElo "1334"]
[BlackElo "1598"]
[PlyCount "40"]
[EventDate "2010.??.??"]

1. e4 d5 2. exd5 Nf6 3. c4 e6 4. d4 exd5 5. Nf3 Bb4+ 6. Nc3 O-O 7. Qb3 Qe7+ 8.
Be2 Re8 9. Qc2 dxc4 10. O-O Bxc3 11. Qxc3 Qxe2 12. Be3 Nd5 13. Qa3 Qd3 14. Qc5
Nxe3 15. Rfe1 Na6 16. Rxe3 Rxe3 17. Qb5 c6 18. Qg5 Re8 19. Re1 Bf5 20. Ne5 f6
0-1

[Event "Faxe EMT 2010"]
[Site "Faxe"]
[Date "2010.03.17"]
[Round "1"]
[White "Refsgaard, Kaj"]
[Black "Larsen, Poul Erik"]
[Result "1-0"]
[WhiteElo "1584"]
[BlackElo "1300"]
[PlyCount "39"]
[EventDate "2010.??.??"]

1. Nf3 d5 2. g3 Nf6 3. Bg2 e6 4. O-O Be7 5. d3 O-O 6. Nbd2 c5 7. Re1 Nc6 8. e4
dxe4 9. Nxe4 Qc7 10. Bg5 Nxe4 11. Bxe7 Nxe7 12. Rxe4 b6 13. Qd2 Bb7 14. Re3 Ng6
15. Qc3 Rad8 16. Rae1 Rfe8 17. h4 Rd6 18. h5 Ne7 19. h6 Nd5 20. Qxg7# 1-0

[Event "Faxe EMT 2010"]
[Site "Faxe"]
[Date "2010.03.17"]
[Round "1"]
[White "Toftvang, Ove"]
[Black "Strandsbjerg, Jens"]
[Result "1/2-1/2"]
[WhiteElo "1268"]
[BlackElo "1555"]
[PlyCount "93"]
[EventDate "2010.??.??"]

1. g3 g6 2. Bg2 Bg7 3. Nf3 Nf6 4. O-O O-O 5. d4 d5 6. c3 Re8 7. h3 c6 8. Nh2 e5
9. dxe5 Rxe5 10. f4 Qb6+ 11. Kh1 Re8 12. Nf3 Bf5 13. Nd4 Be4 14. Nf3 Nbd7 15.
Qb3 Qc7 16. Qd1 Re7 17. b4 Rae8 18. e3 Bxf3 19. Rxf3 Ne4 20. Kh2 Nxc3 21. Nxc3
Bxc3 22. Rb1 Nb6 23. Rb3 Bg7 24. Bf1 Re4 25. Bd3 R4e7 26. h4 Nd7 27. h5 Nf6 28.
hxg6 hxg6 29. Kh3 Qd7+ 30. f5 Ne4 31. Bxe4 Rxe4 32. Qf1 R8e5 33. g4 gxf5 34.
gxf5 Bf6 35. Bb2 d4 36. Rd3 Rd5 37. exd4 Rh4+ 38. Kg2 Qd6 39. Rg3+ Kf8 40. Qf3
Qf4 41. a3 Qxf5 42. Qxf5 Rxf5 43. Rgf3 Rxf3 44. Kxf3 Ke7 45. Kg3 Re4 46. Kf3
Rh4 47. Kg3 1/2-1/2

[Event "Faxe EMT 2010"]
[Site "Faxe"]
[Date "2010.03.17"]
[Round "1"]
[White "Johannsen, Bjorn"]
[Black "Jakobsen, Henning"]
[Result "1-0"]
[WhiteElo "1553"]
[BlackElo "1230"]
[PlyCount "85"]
[EventDate "2010.??.??"]

1. c4 Nf6 2. Nc3 g6 3. d4 Bg7 4. Nf3 d6 5. e4 Bg4 6. Be2 O-O 7. h3 Bxf3 8. Bxf3
Nc6 9. Be3 e5 10. d5 Ne7 11. Qd2 Nd7 12. Bg5 f6 13. Bh4 Qe8 14. g4 g5 15. Bg3
Ng6 16. h4 h6 17. Nd1 a5 18. Ne3 Nb6 19. Be2 Nf4 20. f3 Nxe2 21. Qxe2 Qa4 22.
O-O Qb4 23. b3 Qc5 24. Bf2 Qa3 25. Nc2 Qb2 26. Rfb1 Qc3 27. Be1 Qxa1 28. Rxa1
Kf7 29. Ne3 Nd7 30. Nf5 b6 31. Rc1 Rg8 32. Rc2 Nf8 33. b4 Ng6 34. bxa5 Nf4 35.
Qd1 bxa5 36. c5 Nh3+ 37. Kh2 Nf4 38. cxd6 cxd6 39. Rc7+ Kg6 40. Ne7+ Kf7 41.
Nxg8+ Kxg8 42. Qb3 h5 43. Qb7 1-0

[Event "Faxe EMT 2010"]
[Site "Faxe"]
[Date "2010.03.17"]
[Round "1"]
[White "Lillebro, Verner"]
[Black "Hansen, Borge"]
[Result "0-1"]
[WhiteElo "1224"]
[BlackElo "1525"]
[PlyCount "98"]
[EventDate "2010.??.??"]

1. d4 d5 2. Nf3 e6 3. a3 c5 4. c3 Nc6 5. Bf4 Nf6 6. Qc2 Be7 7. Nbd2 O-O 8. e4
dxe4 9. Nxe4 cxd4 10. O-O-O Nd5 11. Neg5 g6 12. Bd2 dxc3 13. Bxc3 Bxg5+ 14.
Nxg5 Qxg5+ 15. Kb1 a6 16. Ka1 Bd7 17. h4 Qe7 18. h5 Nxc3 19. Qxc3 Rad8 20. Be2
Bc8 21. Bd3 Qg5 22. h6 Qe5 23. Qc2 Rd6 24. g3 Rfd8 25. f4 Qf6 26. Rhe1 e5 27.
fxe5 Nxe5 28. Rf1 Qh8 29. Be4 Rxd1+ 30. Rxd1 Rxd1+ 31. Qxd1 Qf6 32. Qa4 Qf1+
33. Ka2 Qc4+ 34. Qxc4 Nxc4 35. b4 Nd6 36. Bf3 Nf5 37. g4 Nxh6 38. g5 Ng4 39.
Kb2 Ne5 40. Bd5 b6 41. Kc3 Kg7 42. Kd4 Nd7 43. Bc6 f6 44. gxf6+ Kxf6 45. Ke3
Ke5 46. Bf3 g5 47. Bg4 h6 48. Bh3 h5 49. Bg2 Nf6 0-1

[Event "Faxe EMT 2010"]
[Site "Faxe"]
[Date "2010.03.17"]
[Round "1"]
[White "Hansen, Egon"]
[Black "Olsen, Michael2"]
[Result "1-0"]
[WhiteElo "1522"]
[BlackElo "1209"]
[PlyCount "81"]
[EventDate "2010.??.??"]

1. e4 e5 2. d4 exd4 3. Bc4 Nc6 4. Nf3 Nf6 5. O-O d6 6. Nxd4 Nxd4 7. Qxd4 Be6 8.
Bg5 Be7 9. Bxe6 fxe6 10. Nc3 O-O 11. Rad1 Ng4 12. Bxe7 Qxe7 13. h3 Nh6 14. f4
b6 15. Rd3 Rad8 16. Qe3 c6 17. Ne2 d5 18. exd5 cxd5 19. Nd4 Rd6 20. Re1 Nf5 21.
Nxf5 Rxf5 22. g4 Rf8 23. Qe5 Re8 24. f5 h5 25. fxe6 Rxe6 26. Qxd5 Qf7 27. Rxe6
Qxe6 28. Qxe6+ Rxe6 29. Kf2 h4 30. Kf3 g5 31. Rd8+ Kg7 32. Rd7+ Kf6 33. Rxa7
Re1 34. Ra6 Re6 35. Ra3 Ke7 36. Re3 Kf6 37. Rxe6+ Kxe6 38. Ke4 b5 39. a3 Kf6
40. b3 Ke6 41. a4 1-0

[Event "Faxe EMT 2010"]
[Site "Faxe"]
[Date "2010.03.17"]
[Round "1"]
[White "Andersen, Hans Poul"]
[Black "Eckert, Svend"]
[Result "0-1"]
[WhiteElo "1172"]
[BlackElo "1510"]
[PlyCount "50"]
[EventDate "2010.??.??"]

1. e4 c6 2. Nc3 d5 3. d3 d4 4. Nce2 e5 5. h3 Bd6 6. Nf3 Ne7 7. Ng3 O-O 8. Be2
f5 9. exf5 Nxf5 10. Ne4 h6 11. O-O b6 12. Nxd6 Qxd6 13. a3 Bb7 14. c3 c5 15. c4
Nd7 16. Bd2 e4 17. Nh2 e3 18. fxe3 dxe3 19. Bc3 Nd4 20. Bxd4 cxd4 21. b4 Ne5
22. Qe1 Qg6 23. g4 Rxf1+ 24. Qxf1 Rf8 25. Qb1 Qc6 0-1

[Event "Faxe EMT 2010"]
[Site "Faxe"]
[Date "2010.03.17"]
[Round "1"]
[White "Wehlast, Svend Erik"]
[Black "Eriksen, Knud Ejler"]
[Result "0-1"]
[WhiteElo "1500"]
[BlackElo "1060"]
[PlyCount "135"]
[EventDate "2010.??.??"]

1. d4 Nf6 2. Nf3 g6 3. c4 d6 4. h3 Bg7 5. Nc3 O-O 6. Bf4 e6 7. e3 a6 8. Bd3
Nbd7 9. O-O Re8 10. Qc2 b6 11. e4 Bb7 12. Bg5 e5 13. d5 Qc8 14. b4 c6 15. Qd2
b5 16. dxc6 Bxc6 17. cxb5 axb5 18. Nxb5 Bxb5 19. Bxb5 Nxe4 20. Qe3 Nxg5 21.
Bxd7 Nxf3+ 22. gxf3 Qxd7 23. a4 Rxa4 24. Rxa4 Qxa4 25. Qb6 Bf8 26. b5 Qa8 27.
Rb1 Rb8 28. Qe3 Rb7 29. Qe4 Qb8 30. Qd5 Be7 31. Kg2 Bd8 32. Kg3 Bb6 33. Kg2 Bc5
34. Ra1 Kg7 35. Qc6 Qc7 36. Qe8 Qe7 37. Qc6 Rb6 38. Qc8 Qb7 39. Qd8 Qb8 40. Qg5
Rxb5 41. h4 Rb2 42. Rf1 Qb6 43. Qg3 f5 44. Qg5 d5 45. h5 Qf6 46. h6+ Kf7 47.
Qg3 f4 48. Qh3 Qg5+ 49. Kh1 Qh5 50. Qxh5 gxh5 51. Rg1 Bf8 52. Rg5 Rxf2 53. Rxe5
d4 54. Rf5+ Kg8 55. Kg1 Rxf3 56. Rxh5 Rg3+ 57. Kf2 Rg6 58. Kf3 Bxh6 59. Rd5
Rg3+ 60. Kf2 d3 61. Rd4 Bg5 62. Kf1 Kg7 63. Rd6 Kf7 64. Kf2 h5 65. Ke1 h4 66.
Kd2 h3 67. Ra6 h2 68. Ra1 0-1

[Event "Faxe EMT 2010"]
[Site "Faxe"]
[Date "2010.03.24"]
[Round "2"]
[White "Jensen, Leif"]
[Black "Refsgaard, Kaj"]
[Result "1-0"]
[WhiteElo "2007"]
[BlackElo "1584"]
[PlyCount "69"]
[EventDate "2010.??.??"]

1. e4 c5 2. g3 Nc6 3. Bg2 g6 4. c3 Bg7 5. d3 d6 6. f4 Nf6 7. Nf3 O-O 8. O-O Bd7
9. Be3 Ng4 10. Bf2 Nxf2 11. Rxf2 Rb8 12. Nbd2 b5 13. a3 a5 14. Rf1 b4 15. axb4
axb4 16. Qc2 Qb6 17. Nc4 Qb5 18. Rfe1 bxc3 19. bxc3 Qb3 20. Rac1 Be6 21. Nfd2
Qxc2 22. Rxc2 Rfc8 23. Kf2 Bxc4 24. Nxc4 Rb3 25. e5 dxe5 26. Bxc6 Rxc6 27. Na5
Rcb6 28. Nxb3 Rxb3 29. fxe5 f6 30. Ke3 fxe5 31. Ke4 e6 32. Ra1 Rb5 33. Ra8+ Kf7
34. Rf2+ Bf6 35. Ra7+ 1-0

[Event "Faxe EMT 2010"]
[Site "Faxe"]
[Date "2010.03.24"]
[Round "2"]
[White "Hansen, Jens Hjort"]
[Black "Hansen, Borge"]
[Result "1/2-1/2"]
[WhiteElo "1975"]
[BlackElo "1525"]
[PlyCount "189"]
[EventDate "2010.??.??"]

1. e4 e5 2. Nf3 d6 3. d4 exd4 4. Nxd4 Bd7 5. Bc4 Nf6 6. Nc3 Be7 7. O-O O-O 8.
Kh1 Nc6 9. f4 Nxd4 10. Qxd4 Be6 11. Be3 Ng4 12. Bg1 Bxc4 13. Qxc4 Nf6 14. Rad1
Qc8 15. Ne2 a6 16. a4 Rb8 17. Ng3 Nd7 18. Nf5 Bf6 19. Rf3 b5 20. axb5 axb5 21.
Qe2 Re8 22. Rg3 g6 23. Bd4 Kh8 24. Nh6 Kg7 25. Ng4 Bxd4 26. Rxd4 Nf6 27. Nxf6
Kxf6 28. Qd2 Kg7 29. h4 h5 30. f5 Qd8 31. Rg5 Re5 32. Qc3 Kh7 33. Qg3 Qf6 34.
Qf3 Qe7 35. g4 hxg4 36. Qxg4 Kg7 37. Rd1 Re8 38. Rf1 Qf6 39. Rf4 d5 40. fxg6
Rxg5 41. Qxg5 Qxg5 42. hxg5 Kxg6 43. exd5 Re1+ 44. Kg2 Re2+ 45. Kf3 Rxc2 46. b4
Rc3+ 47. Ke2 Rg3 48. Rf6+ Kg7 49. Rc6 Rxg5 50. Rc5 Re5+ 51. Kf3 Kf6 52. Kf4 Re1
53. Rxb5 Ke7 54. Kf5 Kd6 55. Kf6 Rf1+ 56. Kg5 Rd1 57. Kf6 Rxd5 58. Rb8 Kc6 59.
Kxf7 Rb5 60. Rh8 Rxb4 61. Ke6 Rd4 62. Ke5 Rd6 63. Ra8 Kb7 64. Rh8 Rd7 65. Rh1
c6 66. Rc1 Kc7 67. Ke6 Rd6+ 68. Ke5 Rd5+ 69. Ke4 Kd6 70. Rc2 c5 71. Rc4 Kc6 72.
Ke3 Kb5 73. Rc1 Rd4 74. Ke2 Kb4 75. Ke3 Rd8 76. Rb1+ Kc4 77. Rc1+ Kb4 78. Rb1+
Ka5 79. Ke2 c4 80. Ke3 Rc8 81. Kd2 c3+ 82. Kc2 Ka4 83. Rb3 Rc4 84. Rxc3 Re4 85.
Kd3 Rh4 86. Rc4+ Kb3 87. Rxh4 Kb2 88. Rc4 Kb3 89. Kd4 Kb2 90. Kc5 Kb3 91. Kb5
Kb2 92. Kb4 Kb1 93. Rc3 Kb2 94. Kc4 Kb1 95. Kb3 1/2-1/2

[Event "Faxe EMT 2010"]
[Site "Faxe"]
[Date "2010.03.24"]
[Round "2"]
[White "Andersen, Bjarne Hjorth"]
[Black "Toftvang, Ove"]
[Result "1-0"]
[WhiteElo "1860"]
[BlackElo "1268"]
[PlyCount "65"]
[EventDate "2010.??.??"]

1. e4 e5 2. Nf3 Nc6 3. d4 Nxd4 4. Nxd4 exd4 5. Qxd4 Qe7 6. Bc4 d6 7. Nc3 c6 8.
O-O Be6 9. Bb3 O-O-O 10. Qxa7 Qc7 11. Be3 Rd7 12. Na4 c5 13. Bxe6 fxe6 14. Qa8+
Qb8 15. Nb6+ Kc7 16. Qxb8+ Kxb8 17. Nxd7+ Kc7 18. Nxf8 Nf6 19. Nxe6+ Kd7 20.
Nxg7 Nxe4 21. f3 Nf6 22. Rfd1 Rg8 23. Bxc5 Rxg7 24. Rxd6+ Ke7 25. Rxf6+ Kxf6
26. Bd4+ Kf7 27. Bxg7 Kxg7 28. Re1 Kf7 29. Kf2 h5 30. Kg3 Kf6 31. Kf4 h4 32.
Re5 Kg6 33. Re6+ 1-0

[Event "Faxe EMT 2010"]
[Site "Faxe"]
[Date "2010.03.24"]
[Round "2"]
[White "Eckert, Svend"]
[Black "Lindskov, Villy"]
[Result "1/2-1/2"]
[WhiteElo "1510"]
[BlackElo "1767"]
[PlyCount "97"]
[EventDate "2010.??.??"]

1. c4 Nf6 2. Nc3 e6 3. d4 d5 4. e3 c6 5. Qc2 Nbd7 6. Nf3 b6 7. b3 Bb7 8. Bd3 h6
9. Bb2 Bd6 10. O-O O-O 11. Ne2 Rc8 12. Rac1 Re8 13. Ne5 c5 14. Qb1 Qc7 15. f4
Ne4 16. Bxe4 dxe4 17. Nc3 Bxe5 18. Nb5 Qb8 19. dxe5 Rf8 20. Nd6 Rcd8 21. Rcd1
Qa8 22. Rf2 Bc6 23. Rfd2 Nb8 24. f5 exf5 25. Nxf5 Rxd2 26. Rxd2 Qb7 27. Nd6 Qd7
28. Qd1 Qe6 29. Qh5 Rd8 30. Qh4 Rd7 31. h3 Na6 32. a3 f6 33. Qg3 fxe5 34. Bxe5
Re7 35. Bc3 Kh7 36. Rf2 Qg6 37. Qf4 Rd7 38. Be5 Nc7 39. Qf8 Ne6 40. Qc8 Rc7 41.
Qb8 Rd7 42. Nf5 Rf7 43. g4 Ng5 44. Kg2 Nf3 45. Bg3 Qe6 46. Nd6 Ne1+ 47. Kf1
Rxf2+ 48. Kxf2 Nd3+ 49. Kg2 1/2-1/2

[Event "Faxe EMT 2010"]
[Site "Faxe"]
[Date "2010.03.24"]
[Round "2"]
[White "Eriksen, Keld"]
[Black "Hansen, Arne Mandrup"]
[Result "1-0"]
[WhiteElo "1633"]
[BlackElo "1425"]
[PlyCount "103"]
[EventDate "2010.??.??"]

1. e4 d5 2. e5 Bf5 3. d4 e6 4. g4 Bg6 5. Ne2 Ne7 6. Ng3 Nd7 7. h4 h6 8. Be3 c6
9. Nd2 Nc8 10. f4 Qb6 11. f5 Bh7 12. Bd3 Qxb2 13. fxe6 fxe6 14. Bxh7 Rxh7 15.
Rb1 Qa3 16. Rb3 Qe7 17. Rxb7 Ncb6 18. g5 g6 19. c3 Qa3 20. Qc2 O-O-O 21. Rxb6
axb6 22. h5 hxg5 23. Bxg5 Be7 24. Nb1 Qa7 25. Bxe7 Rxe7 26. hxg6 Rg8 27. Rh7
Nf8 28. Rh6 Reg7 29. Nh5 Rxg6 30. Rxg6 Rxg6 31. Nd2 Qh7 32. Qd1 Rg1+ 33. Nf1
Qe4+ 34. Qe2 Qb1+ 35. Kf2 Rxf1+ 36. Qxf1 Qxf1+ 37. Kxf1 c5 38. Ke2 cxd4 39.
cxd4 Kb7 40. Kd3 Kc6 41. Nf4 b5 42. Kc3 Kb6 43. Kb4 Ka6 44. Ne2 Ng6 45. Nc3 Nf4
46. Nxb5 Kb6 47. a4 Nd3+ 48. Kc3 Nf4 49. Kb3 Nd3 50. Nc3 Ka5 51. Nxd5 exd5 52.
e6 1-0

[Event "Faxe EMT 2010"]
[Site "Faxe"]
[Date "2010.03.24"]
[Round "2"]
[White "Andersen, Hans E"]
[Black "Hansen, Aage"]
[Result "0-1"]
[WhiteElo "1433"]
[BlackElo "1607"]
[PlyCount "62"]
[EventDate "2010.??.??"]

1. e4 e6 2. Nc3 d5 3. exd5 exd5 4. d4 Nf6 5. Bg5 Be7 6. Nf3 O-O 7. Bd3 c6 8.
Qe2 Re8 9. O-O-O Bd7 10. Ne5 Na6 11. a3 Nc7 12. Qf3 Ne6 13. Bxf6 Bxf6 14. Nxf7
Kxf7 15. Qh5+ Ke7 16. Bf5 Kd6 17. Bxe6 Bxe6 18. Qxh7 Bg5+ 19. Kb1 Qf6 20. f3
Bf5 21. Qh5 Rh8 22. Qxh8 Rxh8 23. g4 Bh7 24. Rhf1 Qg6 25. Rf2 Re8 26. f4 Bh4
27. Rg2 Re1 28. f5 Rxd1+ 29. Nxd1 Qf6 30. c3 g6 31. fxg6 Qxg6+ 0-1

[Event "Faxe EMT 2010"]
[Site "Faxe"]
[Date "2010.03.24"]
[Round "2"]
[White "Strandsbjerg, Jens"]
[Black "Hansen, Knud"]
[Result "1/2-1/2"]
[WhiteElo "1555"]
[BlackElo "1446"]
[PlyCount "43"]
[EventDate "2010.??.??"]

1. d4 d5 2. c4 e6 3. Nc3 c6 4. c5 Be7 5. Nf3 Nf6 6. h3 h6 7. Bf4 Nbd7 8. e3 O-O
9. Bd3 Nh7 10. O-O Ng5 11. b4 f5 12. Bh2 Ne4 13. Bxe4 fxe4 14. Ne5 Qe8 15. Qg4
Nxe5 16. Bxe5 Bf6 17. Bxf6 Rxf6 18. Qg3 Bd7 19. f3 Rg6 20. Qh2 exf3 21. Rxf3
Rf6 22. Raf1 1/2-1/2

[Event "Faxe EMT 2010"]
[Site "Faxe"]
[Date "2010.03.24"]
[Round "2"]
[White "Joost, Kjeld"]
[Black "Wehlast, Svend Erik"]
[Result "1/2-1/2"]
[WhiteElo "1334"]
[BlackElo "1500"]
[PlyCount "92"]
[EventDate "2010.??.??"]

1. e4 e5 2. Nf3 d6 3. Nc3 h6 4. Bc4 Nf6 5. d3 Be7 6. Be3 O-O 7. Qd2 Nh7 8. Nd5
Be6 9. d4 Bxd5 10. Bxd5 c6 11. Bb3 Nd7 12. O-O-O Nhf6 13. Bxh6 Nxe4 14. Qe3 d5
15. Bxg7 Kxg7 16. h4 f6 17. h5 Ng5 18. Qd3 e4 19. h6+ Kh8 20. Qe3 exf3 21. gxf3
f5 22. f4 Bf6 23. fxg5 Bxg5 24. f4 Bf6 25. Qd3 Be7 26. c4 dxc4 27. Bxc4 Nb6 28.
d5 Nxc4 29. Qxc4 cxd5 30. Qc3+ Bf6 31. Qf3 Qb6 32. b3 Rac8+ 33. Kb1 d4 34. Qd3
Rc3 35. Qxf5 Rxb3+ 36. axb3 Qxb3+ 37. Kc1 Qc3+ 38. Qc2 Qe3+ 39. Qd2 Rc8+ 40.
Kb1 Qa3 41. Qa2 Qb4+ 42. Qb2 Qf8 43. Rxd4 Rc6 44. Qd2 Bxd4 45. Qxd4+ Rf6 46.
Re1 Kh7 1/2-1/2

[Event "Faxe EMT 2010"]
[Site "Faxe"]
[Date "2010.03.24"]
[Round "2"]
[White "Larsen, Poul Erik"]
[Black "Christoffersen, Per"]
[Result "0-1"]
[WhiteElo "1300"]
[BlackElo "1477"]
[PlyCount "50"]
[EventDate "2010.??.??"]

1. c4 e5 2. e4 Bc5 3. Nf3 d6 4. Be2 Nf6 5. d3 O-O 6. Bg5 Be6 7. Bh4 Nbd7 8.
Nbd2 c6 9. a3 a6 10. b4 Ba7 11. O-O b5 12. Rc1 c5 13. cxb5 axb5 14. Ng5 cxb4
15. Nxe6 fxe6 16. Qb3 Qe8 17. axb4 d5 18. Kh1 Qg6 19. f3 Qh6 20. Bxf6 Nxf6 21.
Rc2 Nh5 22. g4 Ng3+ 23. Kg2 Nxe2 24. Qb2 Nf4+ 25. Kh1 Qh3 0-1

[Event "Faxe EMT 2010"]
[Site "Faxe"]
[Date "2010.03.24"]
[Round "2"]
[White "Larsen, Paul M"]
[Black "Jakobsen, Henning"]
[Result "1-0"]
[WhiteElo "1472"]
[BlackElo "1230"]
[PlyCount "73"]
[EventDate "2010.??.??"]

1. d4 Nf6 2. c4 g6 3. f3 Bg7 4. e4 d6 5. Be3 O-O 6. Nc3 Nc6 7. Qd2 e5 8. d5 Ne7
9. O-O-O Nd7 10. h4 h5 11. Bh6 f5 12. Bxg7 Kxg7 13. g4 f4 14. gxh5 gxh5 15. Nh3
Ng6 16. Ng5 Nc5 17. Qg2 Rg8 18. Be2 Kh6 19. Qf2 Qf6 20. Rdg1 Bd7 21. Nd1 Raf8
22. b4 Na6 23. a3 b6 24. Bf1 Rf7 25. Bh3 Nf8 26. Nxf7+ Qxf7 27. Rxg8 Qxg8 28.
Bxd7 Nxd7 29. Rg1 Qh7 30. Qg2 Qf7 31. Qg5+ Kh7 32. Nf2 Nf8 33. Nh3 Nb8 34. Qd8
Kh6 35. Qxb8 Ng6 36. Qd8 Qe7 37. Rxg6+ 1-0

[Event "Faxe EMT 2010"]
[Site "Faxe"]
[Date "2010.03.24"]
[Round "2"]
[White "Lillebro, Verner"]
[Black "Nielsen, Harald"]
[Result "1/2-1/2"]
[WhiteElo "1224"]
[BlackElo "1460"]
[PlyCount "85"]
[EventDate "2010.??.??"]

1. e4 e5 2. Nf3 Nc6 3. Bc4 Bc5 4. d3 d6 5. Ng5 Nh6 6. Qf3 O-O 7. c3 Bg4 8. Qg3
Qf6 9. f3 Be6 10. Nxe6 fxe6 11. Qh3 Rae8 12. Bxh6 Qxh6 13. Qxh6 gxh6 14. Nd2
Na5 15. O-O-O Nxc4 16. Nxc4 b5 17. Na5 Bb6 18. Nc6 Rf7 19. h4 Rg7 20. g4 Rf8
21. Rdf1 a6 22. h5 Rgf7 23. Rh3 Rf4 24. Rg3 Kh8 25. Kc2 a5 26. d4 exd4 27. Nxd4
Bxd4 28. cxd4 Rxe4 29. Kd3 Ref4 30. Ke3 R4f7 31. Rc1 Rb8 32. f4 Rb6 33. Ke4 c6
34. Rgc3 Rc7 35. Re1 Kg7 36. Kd3 Kf7 37. Rf1 Kf6 38. Re1 c5 39. Rec1 c4+ 40.
Kd2 Rg7 41. Rg3 d5 42. Rf1 b4 43. f5 1/2-1/2

[Event "Faxe EMT 2010"]
[Site "Faxe"]
[Date "2010.03.24"]
[Round "2"]
[White "Christoffersen, Ib"]
[Black "Olsen, Michael2"]
[Result "1-0"]
[WhiteElo "1460"]
[BlackElo "1209"]
[PlyCount "88"]
[EventDate "2010.??.??"]

1. d4 d5 2. Nc3 e6 3. a3 c5 4. Nf3 h6 5. e3 Nc6 6. Be2 Bd6 7. O-O Nge7 8. Bd2
Ng6 9. Bd3 O-O 10. Ne2 Nh4 11. Nf4 c4 12. Be2 Nf5 13. b3 Bxf4 14. exf4 Nfxd4
15. Nxd4 Nxd4 16. Bc3 Nxe2+ 17. Qxe2 cxb3 18. cxb3 Bd7 19. Rad1 Qb6 20. Qg4 f6
21. Bb4 Rf7 22. Rfe1 e5 23. Qf3 e4 24. Qh5 Bc6 25. Re3 d4 26. Rg3 a5 27. Bc5
Qc7 28. Qxh6 b6 29. Bxd4 Rd8 30. Qh5 Qxf4 31. Be3 Rxd1+ 32. Qxd1 Qc7 33. h3 f5
34. Qc1 f4 35. Bxf4 Rxf4 36. Rc3 Rf6 37. b4 Qb7 38. b5 Bxb5 39. Rc7 Qd5 40. Rc3
Rg6 41. Re3 Qf5 42. Qc7 Qc5 43. Qd8+ Kh7 44. Qh4+ Qh5 1-0